Statistiques concernant Les femmes de la vie de raph

Cliquez ici pour prendre le quiz!

Statistiques générales

  • Ce quiz a été pris 15 fois
  • Le résultat moyen est 10 sur 15

Statistiques - réponses

pas d'indicesPrénoms% Correct
🍆
Justine
92%
💙Mélissa
92%
💛Melisande
83%
🍫😚Pénélope
75%
🌧️🔴Joséphine
67%
👱🏻☠️Lucie
67%
💛👩Milla
67%
👾👰Rafaele
67%
💍Emma
58%
🌈Jeanne
58%
👙💛
Astrid
50%
👁️💯Lila
50%
💔Martha
50%
🎞️🎥Scarlett Johansson
42%
👩⚫⚪Eleonore
33%

Distribution des résultats

Percentile par nombre de réponses

% des personnes avec chaque résultat

Votre développement - résultats

Vous n’avez pas pris ce quiz